[Event "TCh-TUR Super League 2015"]
[Site "Kocaeli TUR"]
[Date "2015.08.06"]
[Round "3.4"]
[Board "6"]
[White "Karaahmetoglu, Ege"]
[Black "Yaran, Siar"]
[Result "0-1"]
[BlackTitle "CM"]
[WhiteElo "2032"]
[BlackElo "2179"]
[WhiteTeam "Ankara Demirspor Kulubu"]
[BlackTeam "Kahramanmaras Buyuksehir Belediye Sports Club"]
[WhiteFideId "6361145"]
[BlackFideId "6323006"]
[EventDate "2015.08.04"]

1. e4 e5 2. Nc3 Nc6 3. g3 f5 4. d3 Nf6 5. Bg2 fxe4 6. dxe4 Bc5 7. Nf3 O-O 8. O-O
d6 9. Na4 Bb6 10. Nxb6 axb6 11. Qe2 Bg4 12. c3 Qd7 13. Rd1 Qf7 14. h3 Bxf3 15.
Bxf3 Rxa2 16. Rxa2 Qxa2 17. Be3 Na5 18. b4 Qxe2 19. Bxe2 Nc6 20. Bc4+ Kh8 21. f3
Ra8 22. Rd2 g6 23. Ra2 Rxa2 24. Bxa2 Kg7 25. Kf2 b5 26. Bb3 Ne7 27. Bg5 Nc8 28.
Be3 Ne7 29. Ba2 b6 30. Ke2 d5 31. Kd3 dxe4+ 32. fxe4 Nc8 33. Bg5 Nd6 34. Bd5 h6
35. Bxf6+ Kxf6 36. Bc6 Kg5 37. Ke2 h5 38. Kf2 h4 39. Kf3 Nc4 40. gxh4+ Kxh4 41.
Bxb5 Nd6 42. Bd7 c5 43. bxc5 bxc5 44. Ke3 Kg3 45. Be6 Nb5 46. Kd3 Nd6 47. Ke3
Kg2 48. Bd7 Kg3 49. Be6 g5 50. Bf5 Kg2 51. Bd7 Nc4+ 52. Kd3 Nb6 53. Be6 Kf3 54.
Bf7 Kf4 55. Be6 Kf3 56. Bf7 Kg3 57. Be6 Kf4 58. Bf7 Nc8 59. Be6 Nd6 60. Bd5 Kf3
61. Bg8 Kf4 62. Bd5 Kg3 63. Be6 Kf2 64. Bd5 Kf3 65. Bg8 Kf4 66. Bd5 c4+ 67. Bxc4
Nxe4 68. Bd5 Nf2+ 69. Ke2 Nxh3 70. Bg2 g4 71. c4 Ng5 72. Bd5 Ne4 73. Ba8 g3 74.
Kf1 Nd2+ 75. Kg2 Nxc4 76. Bb7 Ne3+ 77. Kg1 e4 78. Ba6 Nf5 79. Bb5 e3 80. Kf1 Nd4
81. Ba6 e2+ 82. Bxe2 Nxe2 83. Kg2 Nc1 0-1

[Event "TCh-TUR Super League 2015"]
[Site "Kocaeli TUR"]
[Date "2015.08.06"]
[Round "3.4"]
[Board "8"]
[White "Sahin, Hayrun Nisa"]
[Black "Ayan, Bengu Sena"]
[Result "1/2-1/2"]
[WhiteElo "1648"]
[BlackElo "1693"]
[WhiteTeam "Ankara Demirspor Kulubu"]
[BlackTeam "Kahramanmaras Buyuksehir Belediye Sports Club"]
[WhiteFideId "6380875"]
[BlackFideId "6346120"]
[EventDate "2015.08.04"]

1. c4 e5 2. Nc3 Nc6 3. g3 g6 4. Bg2 Bg7 5. e3 Nge7 6. Nge2 O-O 7. O-O f5 8. d4
d6 9. a3 h6 10. b4 Nb8 11. dxe5 dxe5 12. Bb2 c6 13. e4 Be6 14. c5 Nd7 15. Qc2 f4
16. f3 g5 17. Rad1 Qe8 18. Rd6 Qf7 19. gxf4 gxf4 20. Nc1 Rae8 21. Rf2 Nc8 22.
Rdd2 Kh8 23. Kf1 Bf6 24. Kg1 Bh4 25. Rfe2 Bc4 26. Nd3 Rg8 27. Kh1 Nf6 28. Bh3
Qh5 29. Bg2 Bg3 30. h3 Be6 31. Qd1 Bxh3 32. Kg1 Rg5 33. Nb1 Bxg2 34. Rxg2 Reg8
35. Bxe5 Rxe5 36. Nxe5 Qxe5 37. Rd8 Ne7 38. Rxg8+ Kxg8 39. Qb3+ Kf8 40. Qb2 Qe6
41. Rd2 Bh4 42. Rd6 Qg8+ 43. Qg2 Qb3 44. Qf1 Qe3+ 45. Kg2 Ke8 46. Rd3 Qe1 47.
Qxe1 Bxe1 48. Rd6 Bh4 49. Nc3 Nc8 50. Rd1 Bg3 51. Ne2 Ne7 52. Nxg3 fxg3 53. Kxg3
Nh5+ 54. Kg4 Nf6+ 55. Kf4 Nh5+ 56. Ke3 Nf6 57. Rd6 Kf7 58. Rd8 b6 59. Ra8 bxc5
60. bxc5 Nd7 61. Kd4 h5 62. Rxa7 Nf6 63. Ra4 h4 64. Ke3 Ke6 65. Rd4 Kf7 66. a4
Nfd5+ 67. exd5 Nf5+ 68. Kf4 Nxd4 69. dxc6 Nxc6 70. Kg4 Ne5+ 71. Kxh4 Nxf3+ 72.
Kg4 Ne5+ 73. Kf5 Nc6 1/2-1/2

[Event "TCh-TUR Super League 2015"]
[Site "Kocaeli TUR"]
[Date "2015.08.06"]
[Round "3.5"]
[Board "1"]
[White "Berkes, Ferenc"]
[Black "Kuzubov, Yuriy"]
[Result "1/2-1/2"]
[WhiteTitle "GM"]
[BlackTitle "GM"]
[WhiteElo "2659"]
[BlackElo "2638"]
[WhiteTeam "T.S Alyans Satranc Sports Club"]
[BlackTeam "Tarsus Zeka Satranc Kulubu"]
[WhiteFideId "718572"]
[BlackFideId "14112906"]
[EventDate "2015.08.04"]

1. d4 d5 2. c4 c6 3. Nc3 Nf6 4. e3 g6 5. Nf3 Bg7 6. Be2 O-O 7. O-O Bg4 8. cxd5
cxd5 9. Qb3 b6 10. h3 Bc8 11. Ne5 Bb7 12. Bd2 Nc6 13. Nxc6 Bxc6 14. Rfc1 Qd7 15.
a4 Rfc8 16. a5 bxa5 17. Rxa5 e6 18. Rca1 Rcb8 19. Qc2 Bf8 20. Ra6 1/2-1/2

[Event "TCh-TUR Super League 2015"]
[Site "Kocaeli TUR"]
[Date "2015.08.06"]
[Round "3.5"]
[Board "2"]
[White "Mchedlishvili, Mikheil"]
[Black "Haznedaroglu, Kivanc"]
[Result "1/2-1/2"]
[WhiteTitle "GM"]
[BlackTitle "GM"]
[WhiteElo "2605"]
[BlackElo "2451"]
[WhiteTeam "Tarsus Zeka Satranc Kulubu"]
[BlackTeam "T.S Alyans Satranc Sports Club"]
[WhiteFideId "13600966"]
[BlackFideId "6300634"]
[EventDate "2015.08.04"]

1. c4 e6 2. Nc3 Nf6 3. d4 Bb4 4. e3 d5 5. Qa4+ Nc6 6. Nf3 O-O 7. Qc2 a6 8. a3
Be7 9. b4 Nb8 10. Bb2 Nbd7 11. Bd3 dxc4 12. Bxc4 b5 13. Bd3 a5 14. Nxb5 axb4 15.
Nxc7 Ra5 16. axb4 Bxb4+ 17. Ke2 Bb7 18. Rhc1 Rh5 19. Qb3 Bxf3+ 20. gxf3 Bd6 21.
Nb5 Qb6 22. Qa4 Rxh2 23. Rh1 Rxh1 24. Rxh1 e5 25. Bc3 exd4 26. Qxd4 Qxd4 27.
Bxd4 Be5 28. f4 1/2-1/2

[Event "TCh-TUR Super League 2015"]
[Site "Kocaeli TUR"]
[Date "2015.08.06"]
[Round "3.5"]
[Board "3"]
[White "Soylu, Suat"]
[Black "Yurtseven, Ahmet Can"]
[Result "0-1"]
[WhiteTitle "IM"]
[BlackTitle "FM"]
[WhiteElo "2377"]
[BlackElo "2291"]
[WhiteTeam "T.S Alyans Satranc Sports Club"]
[BlackTeam "Tarsus Zeka Satranc Kulubu"]
[WhiteFideId "6300065"]
[BlackFideId "6300081"]
[EventDate "2015.08.04"]

1. e4 Nf6 2. e5 Nd5 3. d4 d6 4. Nf3 dxe5 5. Nxe5 c6 6. Be2 Bf5 7. O-O Nd7 8. Nf3
e6 9. c4 Nc7 10. Bf4 Be7 11. Nc3 O-O 12. Qb3 b6 13. Qa4 g5 14. Bg3 g4 15. Qxc6
gxf3 16. Bxc7 fxe2 17. Bxd8 exf1=Q+ 18. Rxf1 Rfxd8 19. Rd1 Rac8 20. Qa4 a5 21.
h3 Bf6 22. Qb5 h5 23. Na4 Bc2 24. Rd2 Bxa4 25. Qxa4 Nc5 26. Qb5 Bxd4 27. Qxb6 a4
28. Kf1 Nb3 0-1

[Event "TCh-TUR Super League 2015"]
[Site "Kocaeli TUR"]
[Date "2015.08.06"]
[Round "3.5"]
[Board "4"]
[White "Keler, Faruk"]
[Black "Sirin, Atakan"]
[Result "1-0"]
[WhiteElo "2286"]
[BlackElo "2243"]
[WhiteTeam "Tarsus Zeka Satranc Kulubu"]
[BlackTeam "T.S Alyans Satranc Sports Club"]
[WhiteFideId "6302734"]
[BlackFideId "6303307"]
[EventDate "2015.08.04"]

1. Nf3 d5 2. g3 Nf6 3. Bg2 e6 4. O-O Be7 5. d3 c5 6. Nbd2 Nc6 7. e4 O-O 8. Re1
b5 9. exd5 Nxd5 10. a4 b4 11. Nc4 Ba6 12. h4 Rc8 13. Nfe5 Nxe5 14. Nxe5 Bf6 15.
Qg4 Qd6 16. Nxf7 Rxf7 17. Rxe6 Qd7 18. Bxd5 Qxd5 19. Rxa6 Re8 20. Be3 Bxb2 21.
Rf1 Bd4 22. Bxd4 cxd4 23. Qg5 Qxg5 24. hxg5 Re2 25. Rc6 a5 26. Rc5 Rfe7 27. Rc1
R7e5 28. Rc4 Rf5 29. f4 h6 30. g6 Kf8 31. Kf1 Re6 32. Rc8+ Ke7 33. Re1 Rxe1+ 34.
Kxe1 Rh5 35. Kf2 Rh1 36. Kf3 Rc1 37. Rc4 Kf6 38. Rc6+ Ke7 39. f5 b3 40. Re6+ Kd7
41. cxb3 Rc3 42. Ke4 Rxb3 43. Ra6 1-0

[Event "TCh-TUR Super League 2015"]
[Site "Kocaeli TUR"]
[Date "2015.08.06"]
[Round "3.5"]
[Board "5"]
[White "Ushenina, Anna"]
[Black "Kaplan, Ebru"]
[Result "1-0"]
[WhiteTitle "GM"]
[WhiteElo "2435"]
[BlackElo "1902"]
[WhiteTeam "T.S Alyans Satranc Sports Club"]
[BlackTeam "Tarsus Zeka Satranc Kulubu"]
[WhiteFideId "14110911"]
[BlackFideId "6315194"]
[EventDate "2015.08.04"]

1. d4 d5 2. Nf3 Nf6 3. c4 c6 4. Nc3 g6 5. Bf4 Bg7 6. e3 O-O 7. Bd3 Nbd7 8. cxd5
Nxd5 9. Nxd5 cxd5 10. O-O Nf6 11. Rc1 Bg4 12. Qb3 Bxf3 13. gxf3 Qd7 14. Rc7 Qh3
15. Rxe7 Qxf3 16. Bg3 b6 17. Qd1 Qxd1 18. Rxd1 Rfc8 19. Kf1 a6 20. Ke2 Rc6 21.
Ra1 Nh5 22. Rd7 Nf6 23. Rb7 Bf8 24. Kd1 Bd6 25. Bh4 Ne8 26. Rc1 Rxc1+ 27. Kxc1
b5 28. h3 Bc7 29. Bc2 Rc8 30. Ra7 a5 31. Kd1 Kf8 32. Bb3 Bb8 33. Rxa5 Nc7 34.
Bg3 Ke7 35. Bxc7 Bxc7 36. Rxb5 Bh2 37. Rxd5 Bg1 38. Rb5 Bxf2 39. Rb7+ Kd6 40.
Ke2 Bg1 41. Rxf7 Re8 42. Rf3 Kc7 43. Kd3 g5 44. e4 h6 45. Rf7+ Kc8 46. e5 Bh2
47. Ke4 Rh8 48. d5 Bf4 49. d6 Bc1 50. Rc7+ 1-0

[Event "TCh-TUR Super League 2015"]
[Site "Kocaeli TUR"]
[Date "2015.08.06"]
[Round "3.5"]
[Board "6"]
[White "Komut, Burak"]
[Black "Koksal, Ege"]
[Result "0-1"]
[BlackTitle "FM"]
[WhiteElo "2007"]
[BlackElo "2347"]
[WhiteTeam "Tarsus Zeka Satranc Kulubu"]
[BlackTeam "T.S Alyans Satranc Sports Club"]
[WhiteFideId "6309984"]
[BlackFideId "6317626"]
[EventDate "2015.08.04"]

1. g3 d5 2. Nf3 Bg4 3. Bg2 Nd7 4. O-O Ngf6 5. d3 e6 6. Nbd2 c6 7. e4 Be7 8. Qe2
O-O 9. h3 Bh5 10. g4 Bg6 11. e5 Ne8 12. Ne1 Bc5 13. Kh1 f5 14. Ndf3 Nc7 15. d4
Be7 16. Nd3 c5 17. Be3 cxd4 18. Bxd4 Nb8 19. a4 Nc6 20. c3 h6 21. b4 Qd7 22. Qe3
b6 23. g5 hxg5 24. Rg1 f4 25. Qe2 Be4 26. Nh2 Bf5 27. Ng4 Nxd4 28. cxd4 Kf7 29.
Bf3 Rh8 30. Kg2 Rac8 31. Rgc1 Na8 32. b5 Rxc1 33. Rxc1 Rc8 34. Qd2 Rxc1 35. Nxc1
Qc8 36. Ne2 Qc2 37. Qc3 Nc7 38. Kf1 Bd3 39. Qxc2 Bxc2 40. Nc3 Bb4 41. Bd1 Bd3+
42. Be2 Bc4 43. Bxc4 dxc4 44. Ne4 c3 45. Nd6+ Kg6 0-1

[Event "TCh-TUR Super League 2015"]
[Site "Kocaeli TUR"]
[Date "2015.08.06"]
[Round "3.5"]
[Board "7"]
[White "Dedebas, Emre Emin"]
[Black "Sevgi, Volkan"]
[Result "1/2-1/2"]
[BlackTitle "FM"]
[WhiteElo "1975"]
[BlackElo "2263"]
[WhiteTeam "T.S Alyans Satranc Sports Club"]
[BlackTeam "Tarsus Zeka Satranc Kulubu"]
[WhiteFideId "6349005"]
[BlackFideId "6325335"]
[EventDate "2015.08.04"]

1. d4 f5 2. g3 Nf6 3. Bg2 g6 4. Nf3 Bg7 5. O-O O-O 6. Nbd2 c6 7. Re1 Ne4 8. c4
d5 9. b3 Be6 10. Bb2 Kh8 11. e3 Nd7 12. Rc1 a5 13. a3 a4 14. b4 dxc4 15. Nxe4
fxe4 16. Ng5 Bg8 17. Nxe4 e5 18. h4 exd4 19. Bxd4 Ne5 20. Bxe5 Bxe5 21. Qg4 Qe8
22. Rcd1 Be6 23. Qe2 Bd5 24. Nc5 b6 25. e4 Bc3 26. Rf1 bxc5 27. Qc2 cxb4 28.
axb4 Bg7 29. exd5 a3 30. Qa2 Bb2 31. dxc6 c3 32. Qc4 Qe5 33. Rfe1 Qf6 34. c7
Qxf2+ 35. Kh1 Rac8 36. Rf1 c2 37. Rde1 Qxg3 38. Rxf8+ Rxf8 39. Rf1 Rxf1+ 40.
Bxf1 Qf3+ 41. Bg2 Qd1+ 42. Bf1 Qd5+ 43. Qxd5 c1=Q 44. Qd8+ Kg7 45. Qe7+ Kg8 46.
Qe8+ Kg7 1/2-1/2

[Event "TCh-TUR Super League 2015"]
[Site "Kocaeli TUR"]
[Date "2015.08.06"]
[Round "3.5"]
[Board "8"]
[White "Ayazmali, Gizem"]
[Black "Ozbay, Ece"]
[Result "0-1"]
[BlackTitle "WCM"]
[WhiteElo "1691"]
[BlackElo "1804"]
[WhiteTeam "Tarsus Zeka Satranc Kulubu"]
[BlackTeam "T.S Alyans Satranc Sports Club"]
[WhiteFideId "6336590"]
[BlackFideId "6351743"]
[EventDate "2015.08.04"]

1. d4 d5 2. c4 e6 3. Nc3 Nf6 4. cxd5 exd5 5. Bg5 Nbd7 6. Qc2 Be7 7. e3 O-O 8.
Bd3 Re8 9. Nf3 Nf8 10. O-O c6 11. Rab1 a5 12. a3 Ng6 13. b4 axb4 14. axb4 Ne4
15. Bxe7 Qxe7 16. b5 Bg4 17. Bxe4 dxe4 18. Nd2 f5 19. bxc6 bxc6 20. Rb6 Qg5 21.
Kh1 Nh4 22. Rg1 Rac8 23. Na4 Qh6 24. Nc5 Kh8 25. Qc4 Ra8 26. Nd7 f4 27. Ne5 Be6
28. Qc3 fxe3 29. Qxe3 Qxe3 30. fxe3 Bd5 31. Ndc4 h5 32. Rf1 Kh7 33. h3 Ra2 34.
Rb2 Rea8 35. Rff2 Rxb2 36. Rxb2 Nf5 37. Kh2 h4 38. Rf2 Ng3 39. Nb6 Ra1 0-1

[Event "TCh-TUR Super League 2015"]
[Site "Kocaeli TUR"]
[Date "2015.08.06"]
[Round "3.6"]
[Board "1"]
[White "Volkov, Sergey"]
[Black "Annaberdiev, Meilis"]
[Result "1-0"]
[WhiteTitle "GM"]
[BlackTitle "IM"]
[WhiteElo "2589"]
[BlackElo "2417"]
[WhiteTeam "Kocaeli Buyuksehir Belediyesi Kagit Sports Club"]
[BlackTeam "Akdeniz Belediyesi Sports Club"]
[WhiteFideId "4122763"]
[BlackFideId "14000563"]
[EventDate "2015.08.04"]

1. d4 d5 2. c4 dxc4 3. e3 e5 4. Bxc4 exd4 5. exd4 Nf6 6. Qb3 Qe7+ 7. Ne2 Nbd7 8.
O-O Nb6 9. Nbc3 Nxc4 10. Qxc4 Qb4 11. Qxc7 Bd6 12. a3 Bxc7 13. axb4 Be6 14. Bf4
Bd8 15. Rfd1 Nd5 16. Nxd5 Bxd5 17. Nc3 Bb3 18. Rd3 O-O 19. d5 Bc4 20. Rd2 Re8
21. d6 g5 22. Be3 f5 23. g3 Re5 24. h4 h6 25. hxg5 hxg5 26. Kg2 a5 27. d7 Kf7
28. bxa5 Rexa5 29. Rh1 Ra1 30. Rh7+ Kg6 31. Rh8 Bf1+ 32. Kh2 f4 33. Rd6+ Kf7 34.
gxf4 gxf4 35. Bxf4 Be7 36. Rh7+ 1-0

[Event "TCh-TUR Super League 2015"]
[Site "Kocaeli TUR"]
[Date "2015.08.06"]
[Round "3.6"]
[Board "2"]
[White "Annaberdiyev, Babageldi"]
[Black "Ari, Zeki"]
[Result "1-0"]
[WhiteTitle "FM"]
[BlackTitle "FM"]
[WhiteElo "2234"]
[BlackElo "2192"]
[WhiteTeam "Akdeniz Belediyesi Sports Club"]
[BlackTeam "Kocaeli Buyuksehir Belediyesi Kagit Sports Club"]
[WhiteFideId "14000385"]
[BlackFideId "6300421"]
[EventDate "2015.08.04"]

1. Nf3 d5 2. g3 c6 3. Bg2 Nf6 4. O-O Bg4 5. h3 Bxf3 6. Bxf3 Nbd7 7. d3 Qc7 8. e4
dxe4 9. dxe4 O-O-O 10. Qe2 h5 11. h4 e5 12. Bg5 Be7 13. Nd2 Nc5 14. Nb3 Ne6 15.
Bxf6 Bxf6 16. Bxh5 Bxh4 17. Bg4 Qe7 18. Kg2 Bg5 19. Qc4 Kb8 20. Bxe6 fxe6 21.
Rh1 Rhf8 22. Rad1 Rde8 23. Nc5 Ka8 24. Rd7 Qf6 25. f4 exf4 26. Rxb7 f3+ 27. Kf1
Qd8 28. Rxa7+ 1-0

[Event "TCh-TUR Super League 2015"]
[Site "Kocaeli TUR"]
[Date "2015.08.06"]
[Round "3.6"]
[Board "3"]
[White "Ersahin, Bulent"]
[Black "Dogan, Nazmi Can"]
[Result "0-1"]
[WhiteElo "2171"]
[BlackElo "2213"]
[WhiteTeam "Kocaeli Buyuksehir Belediyesi Kagit Sports Club"]
[BlackTeam "Akdeniz Belediyesi Sports Club"]
[WhiteFideId "6302670"]
[BlackFideId "6309658"]
[EventDate "2015.08.04"]

1. d4 Nf6 2. c4 g6 3. Nc3 Bg7 4. Nf3 O-O 5. g3 d6 6. Bg2 Nc6 7. O-O Bf5 8. d5
Na5 9. Nd4 Bd7 10. b3 c5 11. dxc6 bxc6 12. Bb2 Qc8 13. Re1 Rb8 14. Rb1 h5 15.
Qd2 Nb7 16. Ba1 Nc5 17. b4 Ne6 18. Nc2 Ng4 19. e4 Ne5 20. Qe2 Ng5 21. f3 Bh3 22.
Rf1 Bxg2 23. Kxg2 Qh3+ 24. Kg1 h4 25. f4 hxg3 26. fxg5 Nxc4 27. Qg2 gxh2+ 28.
Qxh2 Qxh2+ 29. Kxh2 Nd2 30. Rbd1 Nxf1+ 31. Rxf1 Be5+ 32. Kg2 Kg7 33. Ne2 Bxa1
34. Rxa1 Rb5 35. Kf3 Rxg5 36. Ncd4 c5 37. bxc5 Rxc5 38. Rb1 Ra5 39. Rb2 Ra3+ 40.
Kf2 Rh8 41. Nb5 Ra5 42. Nbc3 Rh3 43. Rb7 e6 44. a4 Rc5 45. Nb5 a6 46. Nbd4 Kf6
47. Nf3 g5 48. Rb6 g4 49. Nfg1 Ra3 50. Rxa6 Ke5 51. Ra7 Rc4 52. Ng3 f5 53. exf5
exf5 54. Re7+ Kf6 55. Re8 Kf7 56. Rd8 f4 57. Nf5 Rc2+ 58. Ne2 g3+ 0-1

[Event "TCh-TUR Super League 2015"]
[Site "Kocaeli TUR"]
[Date "2015.08.06"]
[Round "3.6"]
[Board "4"]
[White "Kilic, Ihsan"]
[Black "Kucumenler, Tarkan"]
[Result "1-0"]
[WhiteElo "2025"]
[BlackElo "2050"]
[WhiteTeam "Akdeniz Belediyesi Sports Club"]
[BlackTeam "Kocaeli Buyuksehir Belediyesi Kagit Sports Club"]
[WhiteFideId "6305334"]
[BlackFideId "6301010"]
[EventDate "2015.08.04"]

1. d4 Nf6 2. Nf3 g6 3. Bf4 d6 4. e3 c5 5. Nbd2 Bg7 6. h3 O-O 7. Be2 b6 8. O-O
Bb7 9. a4 a6 10. c3 Nbd7 11. Bh2 Ra7 12. Re1 Qa8 13. Bd3 cxd4 14. exd4 Re8 15.
Qb3 Bh6 16. Bf1 Nh5 17. c4 e5 18. dxe5 dxe5 19. Rad1 Nf4 20. Bxf4 Bxf4 21. g3
Bh6 22. Qc3 e4 23. Nd4 Qb8 24. Kh2 Bg7 25. Qe3 Ra8 26. Nb1 Nc5 27. Nc3 a5 28.
Ndb5 Be5 29. b3 f5 30. Ne2 Nd3 31. Qxb6 Nxe1 32. Rxe1 Ba6 33. Qxa5 f4 34. Rd1
Re7 1-0

[Event "TCh-TUR Super League 2015"]
[Site "Kocaeli TUR"]
[Date "2015.08.06"]
[Round "3.6"]
[Board "5"]
[White "Nikolova, Adriana"]
[Black "Yordanova, Svetla"]
[Result "0-1"]
[WhiteTitle "WGM"]
[BlackTitle "WIM"]
[WhiteElo "2304"]
[BlackElo "2131"]
[WhiteTeam "Kocaeli Buyuksehir Belediyesi Kagit Sports Club"]
[BlackTeam "Akdeniz Belediyesi Sports Club"]
[WhiteFideId "2908689"]
[BlackFideId "2905108"]
[EventDate "2015.08.04"]

1. d4 d5 2. c4 e5 3. dxe5 d4 4. Nf3 Nc6 5. a3 a5 6. b3 Bg4 7. Nbd2 Qe7 8. h3 Bh5
9. Bb2 Rd8 10. g4 Bg6 11. Bg2 h5 12. g5 Nxe5 13. Nxe5 Qxe5 14. Bxb7 Ne7 15. Bf3
Qxg5 16. b4 Bf5 17. h4 Qf4 18. Qa4+ Bd7 19. Qxa5 Nf5 20. Qd5 Be7 21. Qe4 Qh6 22.
c5 O-O 23. Nc4 Rfe8 24. Qd3 Bf6 25. Bc1 Qg6 26. Kf1 Nxh4 27. Qxg6 fxg6 28. c6
Bf5 29. Rxh4 Bxh4 30. Bf4 d3 31. Bxc7 dxe2+ 32. Bxe2 Bh3+ 33. Ke1 Rd4 34. Ne5
Bf6 35. Ra2 Bxe5 36. Bb6 Rd6 37. Rc2 Bf5 38. Bc4+ Kh7 39. Re2 Bc3+ 40. Kf1 Rxe2
41. Kxe2 Rxc6 42. Bc5 Be5 43. Bd5 Rc8 44. a4 Bd7 45. a5 Bb5+ 46. Ke3 g5 47. Be6
Bf4+ 48. Kd4 Rd8+ 49. Kc3 Be5+ 50. Kb3 g6 51. Bb6 Rd3+ 52. Kc2 Rd6 53. Bh3 Rc6+
54. Kd1 Ba4+ 55. Ke2 Rc2+ 56. Kd3 Rc3+ 57. Ke4 Bd6 58. Bf1 Bc6+ 59. Kd4 Bxb4 60.
a6 Ra3 61. Bc7 Be1 62. Kc5 Bf3 63. Kd6 Bxf2 64. Ke7 Bc5+ 65. Kf6 g4 66. Bc4 Bf2
67. Kg5 g3 68. Bf7 Rxa6 69. Bxg3 Be3+ 70. Kh4 g5+ 71. Kh3 Bg4+ 72. Kg2 Kh6 73.
Bc4 Rb6 74. Be5 Bf4 75. Bh8 Rc6 76. Bb3 Rd6 77. Bf7 Rd2+ 78. Kf1 Bg3 79. Bb3
Bh3+ 80. Kg1 Re2 81. Bc3 Re3 0-1

[Event "TCh-TUR Super League 2015"]
[Site "Kocaeli TUR"]
[Date "2015.08.06"]
[Round "3.6"]
[Board "6"]
[White "Ozer, Omer Faruk"]
[Black "Gundogan, Cem"]
[Result "1-0"]
[WhiteElo "2067"]
[BlackElo "2060"]
[WhiteTeam "Akdeniz Belediyesi Sports Club"]
[BlackTeam "Kocaeli Buyuksehir Belediyesi Kagit Sports Club"]
[WhiteFideId "6354564"]
[BlackFideId "6311032"]
[EventDate "2015.08.04"]

1. e4 e5 2. Nf3 Nc6 3. Bc4 Nf6 4. d3 h6 5. O-O d6 6. c3 g6 7. d4 Qe7 8. Re1 Bg7
9. Nbd2 O-O 10. h3 Na5 11. Bf1 c5 12. d5 b6 13. b4 Nb7 14. a4 Nd7 15. Bb5 f5 16.
Bc6 Rb8 17. Rb1 Nf6 18. Nh4 Kh7 19. exf5 gxf5 20. Nc4 cxb4 21. cxb4 Nd8 22. Ne3
Ng8 23. g3 Nxc6 24. dxc6 b5 25. axb5 Be6 26. Qc2 e4 27. Nexf5 Bxf5 28. Nxf5 Rxf5
29. Rxe4 Qf7 30. Rf4 Ne7 31. g4 Qg6 32. Rxf5 Rf8 33. Kh1 Nxf5 34. c7 1-0

[Event "TCh-TUR Super League 2015"]
[Site "Kocaeli TUR"]
[Date "2015.08.06"]
[Round "3.6"]
[Board "7"]
[White "Kilic, Efe Mert"]
[Black "Acar, Utku Cengiz"]
[Result "1-0"]
[WhiteElo "1816"]
[BlackElo "1930"]
[WhiteTeam "Kocaeli Buyuksehir Belediyesi Kagit Sports Club"]
[BlackTeam "Akdeniz Belediyesi Sports Club"]
[WhiteFideId "6354327"]
[BlackFideId "6358900"]
[EventDate "2015.08.04"]

1. Nf3 c5 2. e4 g6 3. d4 cxd4 4. Qxd4 Nf6 5. e5 Nc6 6. Qa4 Nd5 7. Qe4 Nc7 8. Nc3
Bg7 9. Bc4 b5 10. Bb3 O-O 11. Bf4 a5 12. a4 b4 13. Nd5 Nxd5 14. Qxd5 e6 15. Qc5
Qe7 16. Qxe7 Nxe7 17. O-O-O f6 18. exf6 Bxf6 19. Bh6 Bg7 20. Bxg7 Kxg7 21. Rhe1
d5 22. Nd4 Ra6 23. Re2 g5 24. Rde1 Rf6 25. Nf3 h6 26. h4 gxh4 27. Nxh4 Ng6 28.
Nxg6 Rxg6 29. g3 Kf6 30. Rh1 Bd7 31. Rh5 Ra8 32. Kd2 Rf8 33. Re3 Kg7 34. f4 Kf6
35. c3 Rfg8 36. Rh3 bxc3+ 37. bxc3 Rh8 38. Bc2 Rgg8 39. Re1 Rb8 40. g4 Rbg8 41.
Rh4 Rc8 42. Reh1 Kg7 43. g5 Rc4 44. Rxh6 Rxh6 45. gxh6+ Kh8 46. Rb1 Bc8 47. Rb8
Kg8 48. Bg6 d4 49. Bd3 dxc3+ 50. Kc2 Rc6 51. Bb5 Rc5 52. Ba6 1-0

[Event "TCh-TUR Super League 2015"]
[Site "Kocaeli TUR"]
[Date "2015.08.06"]
[Round "3.6"]
[Board "8"]
[White "Temel, Burcu Melis"]
[Black "Gundogan, Sinem Cagla"]
[Result "1/2-1/2"]
[WhiteTitle "WCM"]
[WhiteElo "1878"]
[BlackElo "1913"]
[WhiteTeam "Akdeniz Belediyesi Sports Club"]
[BlackTeam "Kocaeli Buyuksehir Belediyesi Kagit Sports Club"]
[WhiteFideId "6345492"]
[BlackFideId "6325378"]
[EventDate "2015.08.04"]

1. e4 e5 2. Nc3 Nf6 3. g3 Bc5 4. Bg2 c6 5. Na4 Bb4 6. a3 Ba5 7. Ne2 d5 8. exd5
cxd5 9. O-O O-O 10. d3 h6 11. b4 Bc7 12. Bb2 Bg4 13. Qe1 Nc6 14. f3 Bf5 15. Kh1
Re8 16. Qd2 d4 17. f4 Nd5 18. fxe5 Ne3 19. Rf2 Bxe5 20. Bf3 Bf6 21. Nc5 Bg5 22.
Nf4 Qc7 23. Be4 Nc4 24. dxc4 Bxe4+ 25. Nxe4 Rxe4 26. Nd5 Qe5 27. Qd3 Re8 28.
Raf1 Rf8 29. Rf5 Qe6 30. b5 Ne7 31. Nc7 Qd7 32. Qxe4 Nxf5 33. Rxf5 Qxc7 34. Qxd4
f6 35. Rc5 Qe7 36. Bc3 Kh8 37. Rd5 Qxa3 38. Kg2 Qc1 39. Qd3 Re8 40. Rd8 Rxd8 41.
Qxd8+ Kh7 42. Qd3+ Kg8 43. Qd5+ Kh8 44. Qd8+ Kh7 45. Qd3+ Kh8 46. Qd8+ Kh7 1/2-1/2

[Event "TCh-TUR Super League 2015"]
[Site "Kocaeli TUR"]
[Date "2015.08.06"]
[Round "3.7"]
[Board "2"]
[White "Esen, Baris"]
[Black "Amonatov, Farrukh"]
[Result "1-0"]
[WhiteTitle "GM"]
[BlackTitle "GM"]
[WhiteElo "2567"]
[BlackElo "2592"]
[WhiteTeam "Deniz Su Aquamatch Satranc Genclik Ve Sports Club"]
[BlackTeam "Hatay Buyuksehir Belediyesi Genclik Sports Club"]
[WhiteFideId "6302114"]
[BlackFideId "14700077"]
[EventDate "2015.08.04"]

1. d4 d5 2. c4 c6 3. Nc3 Nf6 4. e3 a6 5. Nf3 Bf5 6. Ne5 h6 7. Qb3 Ra7 8. cxd5
cxd5 9. Bd2 Nc6 10. Rc1 Na5 11. Qa4+ Nc6 12. Nxc6 bxc6 13. Qxc6+ Bd7 14. Qc5 Qa8
15. Qa5 e6 16. Na4 Be7 17. Nb6 Qb8 18. Nxd7 Nxd7 19. b3 O-O 20. Bd3 Bd8 21. Qb4
Rb7 22. Qa3 Bc7 23. g3 Bd6 24. Qb2 a5 25. O-O a4 26. b4 a3 27. Qb3 Qa8 28. b5
Rfb8 29. Rc2 Nb6 30. Rb1 Na4 31. Bb4 Bxb4 32. Qxb4 Nb6 33. Rbc1 g6 34. Rc3 Ra7
35. Qd6 Rd7 36. Qxa3 Ra7 37. Qd6 Rxa2 38. Rc7 Qa3 39. Qf4 Rf8 40. Bxg6 Rxf2 41.
Qxh6 1-0